LEADER 01088nam a2200253 i 4500 001 000000354178 003 CaOOAMICUS 005 20230612122914.0 008 230612s2011 it u000 u ita u 020 $a978-88-8272-770-3 040 $aSeMil$bita 100 1 $aDonati, Pierpaolo,$d<1946- >.$0(OLS)http://semarc/name/89 245 13$aLa politica della famiglia: per un welfare relazionale e sussidiario /$cPierpaolo Donati. 264 1$aSiena :$bCantagalli,$c2011. 300 $a154 p. ;$c24 cm. 490 1 $aAmore umano ;$v12 650 4$aFamiglia - Politica sociale.$0(OLS)http://semarc/subject/2513 830 0$aAmore umano ;$v12.$0(OLS)http://semarc/title/419338 850 $aSeMil 852 $aSeMil$W1$xVenegono$y1$m2MA H 12$j241353$B245422$CSeMilBibl$Z2$F245422 $81 996 $6020$a978-88-8272-770-3$9(OLS)http://semarc/number/298331 996 $6245$aLa politica della famiglia: per un welfare relazionale e sussidiario$9(OLS)http://semarc/title/444315 996 $6264$aSiena :$bCantagalli$9(OLS)http://semarc/publisher/29767 LEADER 01515nam a2200241 i 4500 001 000000030936 003 CaOOAMICUS 005 20180830125449.0 008 180830s1816 fr u000 u und u 040 $aSeMil$bita 245 10$aBiographie des hommes vivants, ou histoire par ordre alphabétique de la vie publique de tous les hommes qui se sont fait remarquer par leurs actions ou leurs écrits. Ouvrage entièrement neuf, rédigé par une société de gens de lettres et de savants. Tome 1. [-5.]. 260 $aA Paris :$bChez L. G. Michaud,$csemptembre 1816-janvier 1819$e([Paris] :$fDe l'Imprimerie d'Anth. Boucher, successeur de L.G. Michaud, rue des bons-enfants, n. 34,$gsemptembre 1816-janvier 1819) 300 $a5 v. ;$c8°. 500 $aMarca (monogramma dell'ed.) sui front. 700 1 $aBoucher, Anthèlme .$0(OLS)http://semarc/name/14283 700 1 $aMichaud, Louis-Gabriel,$c.$0(OLS)http://semarc/name/3637 774 0 $tAB-BY.$g1$w()235649 774 0 $tCA-EZ.$g2$w()235650 774 0 $tFA-KU.$g3$w()235652 774 0 $tLA-OZ.$g4$w()235653 774 0 $tPA-Z.$g5$w()235654 996 $6245$aBiographie des hommes vivants, ou histoire par ordre alphabétique de la vie publique de tous les hommes qui se sont fait remarquer par leurs actions ou leurs écrits. Ouvrage entièrement neuf, rédigé par une société de gens de lettres et de savants. Tome 1. [-5.]$9(OLS)http://semarc/title/42086 996 $6260$aA Paris :$bChez L. G. Michaud$9(OLS)http://semarc/publisher/38728 LEADER 00725nam a2200193 i 4500 001 000000116898 003 CaOOAMICUS 005 20030702000000.0 008 030702n sz u000 u eng u 013 $a89587 040 $aSeMil$bita 245 10$aNotes, abbreviations, bibliography. 300 $a58 p. 700 1 $aPisano, Stephen,$c.$0(OLS)http://semarc/name/4751 773 0 $aPisano, Stephen $tPluses or minuses in the text of Samuel.$d[S.l. : s.n.], 1982.$gVolume2$w()9645 850 $aSeMil 852 $aSeMil$W1$xVenegono$y1$m4X I 58/2$j72298$B72298$CSeMilBibl$Z2$F78097 $8L 961 $aOmaggio: Martini Card. Carlo Maria 996 $6245$aNotes, abbreviations, bibliography$9(OLS)http://semarc/title/171473